000 00693nam a2200289Ia 4500
005 20260324140710.0
008 008 260324s9999 xx 000 0 eng d
020 _a9780203379578
037 _aEBOOK
040 _aCRL
040 _beng
040 _cCRL
041 _2eng
041 _aeng
084 _qCRL
100 _aShirley Steinberg; Joe L. Kincheloe
_91205395
245 0 _aUnauthorized Methods
245 0 _bStrategies for Critical Teaching
260 _bTaylor and Francis
260 _c1998
365 _a
365 _b215
856 _uhttp://www.taylorfrancis.com/books/9780203379578
942 _cEBOOK
999 _c1807725
_d1807725